书目信息 |
| 题名: |
文艺复兴的女人们
|
|
| 作者: | 盐野七生 著 ;李艳丽 译 | |
| 分册: | ||
| 出版信息: | 北京 中信出版集团股份有限公司 2017 |
|
| 页数: | 330页 | |
| 开本: | 22cm | |
| 丛书名: | ||
| 单 册: | ||
| 中图分类: | K503 , K835.085=323 | |
| 科图分类: | ||
| 主题词: | 文艺复兴--wen yi fu xing--研究--欧洲 , 女性--nv xing--人物研究--欧洲--中世纪 | |
| 电子资源: | ||
| ISBN: | 978-7-5086-6661-7 | |
| 000 | 01141nam0 22002891 450 | |
| 001 | 0109172407 | |
| 005 | 20170309172407.0 | |
| 010 | @a978-7-5086-6661-7@b精装@dCNY48.00 | |
| 100 | @a20170223d2017 em y0chiy50 ea | |
| 101 | 1 | @achi@cjpn |
| 102 | @aCN@b110000 | |
| 105 | @aab z 000yd | |
| 106 | @ar | |
| 200 | 1 | @a文艺复兴的女人们@9wen yi fu xing de nv ren men@f(日)盐野七生著@g李艳丽译 |
| 210 | @a北京@c中信出版集团股份有限公司@d2017 | |
| 215 | @a330页@c图,地图@d22cm | |
| 300 | @a文艺复兴的故事 04 盐野七生作品 | |
| 306 | @a本书限中国大陆发行 | |
| 330 | @a本书以文艺复兴时期最具影响力的四个女人(伊莎贝拉·德埃斯特、卢克雷齐娅·波吉亚、卡特丽娜·斯福尔扎、卡泰丽娜·科尔纳罗)为主线,串联起文艺复兴时期人们的生活、思想和国家命运。在这四名女性背后是文艺复兴时代的权力纷争、家国命运与悲欢离合。 | |
| 606 | 0 | @a文艺复兴@9wen yi fu xing@x研究@y欧洲 |
| 606 | 0 | @a女性@9nv xing@x人物研究@y欧洲@z中世纪 |
| 690 | @aK503@v5 | |
| 690 | @aK835.085=323@v5 | |
| 701 | 0 | @c(日)@a盐野七生@9yan ye qi sheng@c(女,@f1937-)@4著 |
| 702 | 0 | @a李艳丽@9li yan li@4译 |
| 801 | 0 | @aCN@bTANGWEI@c20170308 |
| 905 | @b0953144-7@dK503@e32@f4 | |
| 文艺复兴的女人们/(日)盐野七生著/李艳丽译.-北京:中信出版集团股份有限公司,2017 |
| 330页:图,地图;22cm |
| 文艺复兴的故事 04 盐野七生作品 |
| ISBN 978-7-5086-6661-7(精装):CNY48.00 |
| 本书以文艺复兴时期最具影响力的四个女人(伊莎贝拉·德埃斯特、卢克雷齐娅·波吉亚、卡特丽娜·斯福尔扎、卡泰丽娜·科尔纳罗)为主线,串联起文艺复兴时期人们的生活、思想和国家命运。在这四名女性背后是文艺复兴时代的权力纷争、家国命运与悲欢离合。 |
| ● |
| 相关链接 |
|
|
|
|
正题名:文艺复兴的女人们
索取号:K503/32
 
预约/预借
| 序号 | 登录号 | 条形码 | 馆藏地/架位号 | 状态 | 备注 |
| 1 | 0953144 | 209531443 | 第二样本阅览室/ [索取号:K503/32] | 在馆 | |
| 2 | 0953145 | 209531452 | 第二借阅区/ [索取号:K503/32] | 在馆 | |
| 3 | 0953146 | 209531461 | 第二借阅区/ [索取号:K503/32] | 在馆 | |
| 4 | 0953147 | 209531470 | 第二借阅区/ [索取号:K503/32] | 在馆 |